Верлібріарій. Абетка (Запис № 580622)

МАРК-запис
000 -Лідер
fixed length control field 02542 a2200253 4500
001 - Контрольний номер
control field 2162214035926770
003 - Ідентифікатор контрольного номера
control field UA-OsUOA
005 - Дата та час останнього входження (трансакції)
control field 20260430101540.0
008 - Елементи даних фіксованої довжини – загальна інформація
fixed length control field 260430b un a|||| |||| 00| p ukr d
020 ## - Міжнародний стандартний книжковий номер (ISBN)
Міжнародний стандартний книжковий номер (ISBN) (НП) 966359084х
040 ## - Джерело каталогізації
Агенція оригінальної каталогізації UA-OsUOA
Мова каталогізації ukr
Агенція, яка здійснювала перезапис UA-OsUOA
Агенція, яка здійснювала модифікацію UA-OsUOA
041 ## - Код мови
Код мови тексту/ звукової доріжки чи окремого заголовка (П) ukr
080 ## - Індекс Універсальної десяткової класифікації
Індекс Універсальної десяткової класифікації (УДК) (НП) 821.161.2
090 ## - Локальний шифр розміщення
Класифікаційний індекс УДК 821.161.2
Авторський знак (НП) Ш96
100 ## - Основне введення – ім’я особи
Ім’я особи (НП) Шунь М.
9 (RLIN) 25138
245 ## - Відомості про назву
Назва (НП) Верлібріарій. Абетка
Решта назви (НП) Вірші
Дані про відповідальність (НП) Марія Шунь
260 ## - Публікація, розповсюдження і т.п. (Вихідні дані)
Місце публікації, розповсюдження і т.п. (П) Київ
Ім’я/ наймення видавництва, розповсюджувача і т.п. (П) Факт
Дата публікації, розповсюдження і т.п. (П) 2006
300 ## - Фізичний опис
Обсяг 408 с.
520 ## - Резюме і т.п.
Резюме, реферат, анотація, тощо (НП) Збірка поезій відомої української поетки Марії Шунь, яка народилася на Львівщині, а зараз мешкає в Нью-Йорку, містить дві майже самодостатні частини — «Верлібріарій» і «Абетку-Аптечку та Абетку-Боговедку». Другу частину разом із батьками читатимуть як дошкільнята, так і доросліші діти, оскільки світ «Абеток» Марії Шунь за змістом близький читачам будь-якого віку, бо то одвічний світ зел, квітів, дерев та сутностей, що живуть у них. <br/>Її «доросла» поезія надзвичайно ущільнена метафорикою, урбаністична й водночас абсолютно легка, подеколи це є експериментування — чи витримає вона тягар і поквап життя. Це є гра слів. Це є верлібр — тому й верлібріарій... Велика гра зі собою: чи зуміє людина, притому іще зі Східної Європи, притому іще з України, вижити як біологічна істота та ще й разом із поезією у нетрях Нью-Йорка чи іншої Великої Нудьги. Випробування на самодостатність, бо все інше, «як мовлять у нас у Нью-Йорку — просто бла-бла»... Поет вижив. <br/>Читайте Марію Шунь!
650 ## - Додаткове предметне введення – тематичний термін
Тематичний термін чи географічна назва, як елемент введення (НП) 82 Література. Літературознавство
9 (RLIN) 15
942 ## - Додаткові елементи входу (Коха)
Тип елемента Koha Книги
Source of classification or shelving scheme Universal Decimal Classification
955 ## - Код типу видання за змістом
Код типу видання за змістом (НП) Літературно-художні видання
Фонди
Стан вилучень Стан втрат Джерело класифікації або схеми стелажів Стан уражень Не для кредиту Код колекції Постійне місце розташування Поточне розміщення Дата придбання Джерело придбання Вартість, звичайна ціна покупки Інвентарний номер Усього замовленно Повний номер виклику Штрих-код Дата останнього перегляду Вартість, ціна заміни Ціна ефективна від Тип елемента Koha Примітка, призначена для загального доступу
    Universal Decimal Classification     Колекція Шевчука Валерія АБ - Абонемент НБ АБ - Абонемент НБ 28/04/2026 Акт №24/28.04.2026 50.00 169886   821.161.2 Ш96 169886 30/04/2026 50.00 30/04/2026 Книги З автографом авторки